|
|
|
|
| LEADER |
00000nam0a2200000 4500 |
| 001 |
51726 |
| 005 |
20231031040555.0 |
| 010 |
|
|
|a 5704606997
|
| 035 |
|
|
|a (RuTPU)RU\TPU\book\54152
|
| 090 |
|
|
|a 51726
|
| 100 |
|
|
|a 20030507d2001 km y0rusy50 ca
|
| 101 |
0 |
|
|a rus
|
| 102 |
|
|
|a RU
|
| 105 |
|
|
|a a g 001zy
|
| 200 |
1 |
|
|a Трубопроводная арматура ТЭС
|e справочное издание
|f В. И. Черноштан, В. А. Кузнецов
|g Технопромэкспорт; Армэкс
|
| 210 |
|
|
|a Москва
|c Изд-во МЭИ
|d 2001
|
| 215 |
|
|
|a 368 с.
|c ил.
|
| 320 |
|
|
|a Предм. указ.: с. 367-368.
|
| 606 |
1 |
|
|a Тепловые электрические станции
|x Трубопроводная арматура
|x Резервуары
|2 stltpush
|3 (RuTPU)RU\TPU\subj\59713
|
| 610 |
1 |
|
|a ТЭС
|
| 610 |
1 |
|
|a тепловые электростанции
|
| 610 |
1 |
|
|a трубопроводы
|
| 610 |
1 |
|
|a арматура
|
| 610 |
1 |
|
|a узлы
|
| 610 |
1 |
|
|a детали
|
| 610 |
1 |
|
|a материалы
|
| 610 |
1 |
|
|a запорная арматура
|
| 610 |
1 |
|
|a регулирующая арматура
|
| 610 |
1 |
|
|a охладительные установки
|
| 610 |
1 |
|
|a редукционно-охладительные установки
|
| 610 |
1 |
|
|a предохранительные установки
|
| 610 |
1 |
|
|a клапаны
|
| 610 |
1 |
|
|a затворы
|
| 610 |
1 |
|
|a конденсатоотводчики
|
| 610 |
1 |
|
|a краны
|
| 610 |
1 |
|
|a задвижки
|
| 610 |
1 |
|
|a регулирующая арматура
|
| 610 |
1 |
|
|a электроприводы
|
| 610 |
1 |
|
|a справочники
|
| 675 |
|
|
|a 621.311.22.002.5:621.6(035)
|v 3
|
| 700 |
|
1 |
|a Черноштан
|b В. И.
|g Виктор Иванович
|
| 701 |
|
1 |
|a Кузнецов
|b В. А.
|g Валентин Александрович
|
| 712 |
0 |
2 |
|a Технопромэкспорт
|2 stltpush
|3 (RuTPU)RU\TPU\col\2804
|
| 712 |
0 |
2 |
|a Армэкс
|2 stltpush
|3 (RuTPU)RU\TPU\col\2805
|
| 801 |
|
1 |
|a RU
|b 63413507
|c 20030507
|g PSBO
|
| 801 |
|
2 |
|a RU
|b 63413507
|c 20191103
|g PSBO
|
| 942 |
|
|
|c BK
|